| 000 | 00852nam a2200229Ia 4500 | ||
|---|---|---|---|
| 008 | 130821s2010 py gr spa | ||
| 020 | _a9995388154 | ||
| 040 |
_aCo-BoUCM _bspa |
||
| 041 | 0 | 0 | _aspa |
| 100 | 1 |
_aMoreno Rodríguez, José Antonio _944125 |
|
| 245 | 1 | 0 |
_aContratación y arbitraje contribuciones recientes _cJosé Antonio Moreno Rodríguez |
| 260 |
_aAsunción (Paraguay) _bCentro de Estudios de Derecho y Economía Política. _c2010 |
||
| 300 | _a324 páginas | ||
| 504 | _aIncluye bibliografiá e índice. | ||
| 650 | 0 | 4 |
_aContratos comerciales _911829 |
| 650 | 0 | 4 |
_aDerecho internacional público _97498 |
| 650 | 0 | 4 |
_aDerecho internacional _912776 |
| 650 | 0 | 4 |
_aDerecho público _912826 |
| 650 | 0 | 4 |
_aObligaciones internacionales _920658 |
| 942 |
_cLIBRO _a8 _e1 _mM843c _2DEWEY _h341.753 |
||
| 999 |
_c71706 _d71706 |
||